| 000 | 00646nam a2200241Ia 4500 | ||
|---|---|---|---|
| 003 | OSt | ||
| 005 | 20220924125953.0 | ||
| 006 | a|||||r|||| 00| 0 | ||
| 007 | ta | ||
| 008 | 220923b |||||||| |||| 00| 0 per d | ||
| 024 | _a327655 | ||
| 037 | _cTextual | ||
| 040 |
_aARTS _cARTS _bper |
||
| 041 |
_2per _aper |
||
| 082 | _aO164,1MIMx, M4 | ||
| 100 |
_aSamani Oman Au. _9199298 |
||
| 245 | 0 | _aKitab Ganjina-e-al-asrar-o-qasaid | |
| 260 |
_aTehran _bKibri Iran _c1984 |
||
| 300 |
_a124p. _ccm. |
||
| 650 | _aPERSIAN POETRY | ||
| 942 |
_hO164,1MIMx, M4 _cTEXL _2CC |
||
| 999 |
_c423798 _d423798 |
||